00515 2200193 4500001002100000008004100021035002000062245004400082260002800126300002400154020002200178084001600200082001000216990001900226990001900245990001900264990001900283990001900302INLIS000000000000366 ind  a0010-1124000057 aJANGAN LUKAI HATI IBUMUcSUPARNA ACHMAD aJAKARTAbERLANGGAc2013 a164 hlm.c13X19 cm. a978-602-241-337-0 a2X6.4 SUP j a2X6.4 a200.2015.00679 a200.2015.00680 a200.2015.00681 a200.2015.00682 a200.2015.00683